000
00290nam a22001337a 4500
008
170808b xxu||||| |||| 00| 0 eng d
020
_a
3800941120
041
_a
eng
080
_a
004
100
_a
33
101
_a
SHK
245
_a
GRAPES LANGUAGE DESCRIPTION
_c
HELD,G
942
_2
udc
_c
BK
999
_c
22866
_d
22866